[Event "Grand Rapids (MI Am/2/24)"]
[Site "?"]
[Date "1994.??.??"]
[Round "?"]
[White "Carpenter, S."]
[Black "Kane, Paul"]
[Result "0-1"]
[WhiteElo "1605"]
[BlackElo "1605"]
[PlyCount "70"]
[EventDate "1994.??.??"]

{2/(24)} 1. e4 c5 2. Nf3 d6 3. d4 cxd4 4. Nxd4 Nf6 5. Bb5+ Nbd7 6. O-O a6 7.
Bc4 e6 8. Nc3 Ne5 9. Be2 Be7 10. f4 Nc6 11. Nxc6 bxc6 12. e5 Nd5 13. Nxd5 cxd5
14. exd6 Qxd6 15. f5 e5 16. c4 d4 17. Qd3 Bb7 18. Bf3 Bxf3 19. Rxf3 O-O 20. Rh3
Bf6 21. Qg3 Rad8 22. Bh6 e4 23. Rh4 Qxg3 24. hxg3 Bxh4 25. gxh4 gxh6 26. f6
Rfe8 27. c5 e3 28. Kf1 d3 29. c6 e2+ 30. Kf2 d2 31. c7 e1=Q+ 32. Rxe1 dxe1=Q+
33. Kf3 Qe3+ 34. Kg4 Re4+ 35. Kf5 Rd5# 0-1

[Event "Detroit (MOR/3/40)"]
[Site "?"]
[Date "1994.??.??"]
[Round "?"]
[White "Carpenter, O."]
[Black "Woolery, Bob"]
[Result "1-0"]
[WhiteElo "1605"]
[BlackElo "1605"]
[PlyCount "53"]
[EventDate "1994.??.??"]

{3/(40)} 1. e4 c5 2. Nf3 d6 3. d3 Nc6 4. g3 Nf6 5. Bg2 Bg4 6. Nbd2 Qd7 7. O-O
Nd4 8. c3 Nxf3+ 9. Nxf3 g6 10. Qc2 Bg7 11. Re1 O-O 12. Nd2 Rac8 13. Nc4 b5 14.
Ne3 Bh3 15. Bh1 Ng4 16. Nd5 Ne5 17. Be3 Bg4 18. f4 Nf3+ 19. Bxf3 Bxf3 20. Qf2
Bg4 21. f5 gxf5 22. exf5 e5 23. f6 Rfe8 24. fxg7 Qe6 25. Nf6+ Kxg7 26. Nxe8+
Rxe8 27. Qd2 {[Remainder illegible; 1-0, 53?]} 1-0

[Event "Grand Rapids (MI Am/5/21)"]
[Site "?"]
[Date "1994.??.??"]
[Round "?"]
[White "Carpenter, O."]
[Black "Waite, Lawrence"]
[Result "1-0"]
[WhiteElo "1605"]
[BlackElo "1605"]
[PlyCount "65"]
[EventDate "1994.??.??"]

{5/(21)} 1. e4 c5 2. Nf3 Nc6 3. d3 d6 4. g3 Bg4 5. h3 Bh5 6. Bg2 Nf6 7. g4 Bg6
8. g5 Nh5 9. Nc3 e6 10. a3 Be7 11. h4 d5 12. Nh2 dxe4 13. Nxe4 f5 14. Ng3 Nxg3
15. fxg3 Qd7 16. Nf3 Rd8 17. Bf4 Bd6 18. h5 Bf7 19. Qd2 Bxf4 20. gxf4 Ne7 21.
Ne5 Qc7 22. O-O-O Nc6 23. Qc3 Nd4 24. Qd2 b5 25. g6 Bg8 26. Rh3 b4 27. axb4
cxb4 28. Kb1 Rb8 29. Qf2 b3 30. c3 Nc2 31. Bc6+ Ke7 32. Qc5+ Kd8 33. Qf8# 1-0

[Event "Eastpointe (US Am N/6/31)"]
[Site "?"]
[Date "1994.??.??"]
[Round "?"]
[White "Carpenter, O."]
[Black "Troupe, D."]
[Result "1-0"]
[WhiteElo "1605"]
[BlackElo "1605"]
[PlyCount "67"]
[EventDate "1994.??.??"]

{6/(31)} 1. e4 e5 2. Nf3 Nc6 3. Bb5 Nge7 4. O-O d5 5. Nxe5 dxe4 6. Nxc6 Nxc6 7.
Bxc6+ bxc6 8. Re1 Bf5 9. d3 Bd6 10. g3 O-O 11. dxe4 Bh3 12. e5 Bc5 13. Qxd8
Raxd8 14. Nc3 Rfe8 15. Bf4 Rb8 16. Rab1 Re6 17. Ne4 Bd4 18. Ng5 Rh6 19. Nxh3
Rxh3 20. c3 Bc5 21. b4 Bb6 22. Kg2 Rh5 23. g4 Rh6 24. Bxh6 gxh6 25. Rbd1 a5 26.
a3 axb4 27. axb4 Ra8 28. Ra1 Rd8 29. Red1 Re8 30. f4 Re6 31. Rd8+ Kg7 32. Raa8
h5 33. Rg8+ Kh6 34. g5# 1-0

[Event "Detroit (MOR/1a/17)"]
[Site "?"]
[Date "1994.??.??"]
[Round "?"]
[White "Carpenter, O."]
[Black "Stanulis, T."]
[Result "0-1"]
[WhiteElo "1605"]
[BlackElo "1695"]
[PlyCount "104"]
[EventDate "1994.??.??"]

1. e4 e6 2. d3 d5 3. Nd2 c5 4. g3 Nc6 5. Ngf3 Nf6 6. e5 Nd7 7. Qe2 Qc7 8. c4 d4
9. Ne4 Ndxe5 10. Bf4 Nxf3+ 11. Qxf3 Qa5+ 12. Bd2 Qb6 13. b3 Be7 14. Bg2 Ne5 15.
Qe2 Bd7 16. O-O Ng6 17. f4 O-O-O 18. Rfb1 f5 19. Nf2 Qd6 20. a3 Bc6 21. b4 Bxg2
22. Kxg2 Qc6+ 23. Qf3 Qxf3+ 24. Kxf3 Rhf8 25. b5 b6 26. a4 e5 27. a5 exf4 28.
axb6 axb6 29. Ra6 fxg3 30. hxg3 Kb7 31. Rba1 Ra8 32. Nh3 Ne5+ 33. Ke2 Rxa6 34.
bxa6+ Ka7 35. Bf4 Nc6 36. Bd2 Bf6 37. Nf4 Re8+ 38. Kf3 Ne5+ 39. Ke2 Nxc4+ 40.
Kd1 Nxd2 41. Kxd2 Bg5 42. Re1 Bxf4+ 43. gxf4 Rxe1 44. Kxe1 Kxa6 45. Kd2 h5 46.
Kc2 h4 47. Kb3 h3 48. Ka4 h2 49. Kb3 h1=Q 50. Ka4 Qd1+ 51. Ka3 Qxd3+ 52. Ka4
b5# 0-1

[Event "Eastpointe (US Am N/1b/12)"]
[Site "?"]
[Date "1994.??.??"]
[Round "?"]
[White "Carpenter, O."]
[Black "Scott, Steven"]
[Result "0-1"]
[WhiteElo "1605"]
[BlackElo "1860"]
[PlyCount "142"]
[EventDate "1994.??.??"]

1. e4 c5 2. Nf3 d6 3. d3 Nf6 4. Nbd2 e6 5. g3 Be7 6. Bg2 Nbd7 7. O-O O-O 8. Re1
Qc7 9. b3 b6 10. Bb2 Bb7 11. Nh4 e5 12. Nf5 Bd8 13. a4 g6 14. Nh6+ Kg7 15. Ng4
Nxg4 16. Qxg4 Nf6 17. Qe2 Qd7 18. h3 Kg8 19. Nf3 Nh5 20. Bc1 Ng7 21. Bh6 Rb8
22. Qd2 Be7 23. Qc3 Rfe8 24. Nh2 Ne6 25. f4 Nd4 26. fxe5 dxe5 27. Nf3 Nxf3+ 28.
Bxf3 Qxh3 29. Qxe5 Qxh6 30. Re2 Qg7 31. Qxg7+ Kxg7 32. Rh2 f5 33. Kf2 fxe4 34.
dxe4 Rbd8 35. Ke2 Bg5 36. Rd1 Rxd1 37. Kxd1 Bxe4 38. Bxe4 Rxe4 39. Re2 Rxe2 40.
Kxe2 Kf6 41. Kf3 Ke5 42. Ke2 Kd4 43. g4 h5 44. gxh5 gxh5 45. Kd1 h4 46. Ke2 Kc3
47. Kf2 Kxc2 48. Kg2 Kxb3 49. Kh1 c4 50. a5 Kc3 51. axb6 axb6 52. Kh2 Kd3 53.
Kh3 c3 54. Kg4 Bd8 55. Kf3 b5 56. Kg4 b4 57. Kh3 Ke3 58. Kg2 b3 59. Kh3 Kf3 60.
Kh2 b2 61. Kh3 b1=N 62. Kh2 c2 63. Kh3 c1=N 64. Kh2 Ne2 65. Kh3 Nf4+ 66. Kh2
Nd2 67. Kg1 Kg3 68. Kh1 Nd3 69. Kg1 h3 70. Kh1 Nf2+ 71. Kg1 h2# 0-1

[Event "Grand Rapids (MI Am/2/40)"]
[Site "?"]
[Date "1994.??.??"]
[Round "?"]
[White "Carpenter, O."]
[Black "Pecot, Dave"]
[Result "1-0"]
[WhiteElo "1605"]
[BlackElo "1605"]
[PlyCount "43"]
[EventDate "1994.??.??"]

{2/(40)} 1. e4 e5 2. Nf3 Nc6 3. Bb5 a6 4. Bxc6 bxc6 5. Nxe5 f6 6. Nf3 d5 7. Qe2
Qe7 8. d3 a5 9. Bd2 Nh6 10. h3 Ba6 11. Nc3 Qe6 12. Nd4 Qe5 13. Be3 Bb4 14. O-O
Bxc3 15. bxc3 O-O 16. Bxh6 Qxe4 17. Be3 f5 18. Qd2 f4 19. dxe4 fxe3 20. Qxe3
Rae8 21. Rfe1 Rxe4 22. Qd2 1-0

[Event "Eastpointe (US Am N/3/41)"]
[Site "?"]
[Date "1994.??.??"]
[Round "?"]
[White "Carpenter, O."]
[Black "Koernke, J."]
[Result "1-0"]
[WhiteElo "1605"]
[BlackElo "1605"]
[PlyCount "63"]
[EventDate "1994.??.??"]

{3/(41)} 1. e4 e5 2. Nf3 Nf6 3. d3 d5 4. Nbd2 d4 5. Nxe5 Nbd7 6. Nef3 c5 7. g3
Bd6 8. Bg2 Ne5 9. O-O O-O 10. h3 Nxf3+ 11. Nxf3 b5 12. e5 Bc7 13. exf6 Qxf6 14.
Ng5 h6 15. Bxa8 hxg5 16. Be4 g4 17. hxg4 Qe6 18. Kg2 c4 19. Rh1 g6 20. Qd2 f5
21. gxf5 gxf5 22. Qg5+ Kf7 23. Rh6 Rg8 24. Rxe6 Rxg5 25. Bxg5 Bxe6 26. Bf3 Kg6
27. Bf4 Ba5 28. Be5 Bb6 29. Rh1 b4 30. Bh5+ Kg5 31. f4+ Kh6 32. Bf7# 1-0

[Event "Grand Rapids (MI Am/4/25)"]
[Site "?"]
[Date "1994.??.??"]
[Round "?"]
[White "Carpenter, O."]
[Black "Kane, Paul"]
[Result "1-0"]
[WhiteElo "1605"]
[BlackElo "1605"]
[PlyCount "116"]
[EventDate "1994.??.??"]

{4/(25)} 1. e4 c5 2. Nf3 d6 3. d3 Nc6 4. g3 g6 5. Bg2 Bg7 6. O-O Nf6 7. Re1 O-O
8. Nbd2 b5 9. c3 Bb7 10. Nh4 Ne5 11. Ndf3 Nfd7 12. Nxe5 Nxe5 13. f4 Nd7 14. Be3
e6 15. Qd2 f5 16. Bf2 Nf6 17. e5 Bxg2 18. exf6 Qxf6 19. Kxg2 Rfe8 20. d4 c4 21.
Nf3 d5 22. Ne5 Qe7 23. Re2 Qd6 24. Rae1 Re7 25. Nf3 h6 26. Ne5 Kh7 27. h4 Bxe5
28. Rxe5 h5 29. Qe2 Rae8 30. g4 fxg4 31. Bg3 Qd7 32. Qc2 Rf7 33. Rxh5+ Kg7 34.
Rg5 Rf5 35. Re5 Kf7 36. h5 Rg8 37. hxg6+ Rxg6 38. Rgxf5+ exf5 39. Rxf5+ Rf6 40.
Rxf6+ Kxf6 41. Qe2 Qe6 42. Bh4+ Kf5 43. Qe5+ Qxe5 44. fxe5 Ke6 45. Bf6 Kf5 46.
Kg3 a6 47. Bg7 a5 48. Bf6 a4 49. Bh8 Ke6 50. Kxg4 Kf7 51. Kf5 a3 52. bxa3 Ke7
53. Kg5 Ke6 54. Kg6 Ke7 55. Kf5 Kf7 56. Bf6 Kf8 57. Ke6 Ke8 58. Bg7 b4 1-0

[Event "Detroit (MOR/6/27)"]
[Site "?"]
[Date "1994.??.??"]
[Round "?"]
[White "Carpenter, O."]
[Black "Barta, Roger"]
[Result "0-1"]
[WhiteElo "1605"]
[BlackElo "1605"]
[PlyCount "66"]
[EventDate "1994.??.??"]

{6/(27)} 1. e4 e6 2. d3 d5 3. Nd2 c5 4. Ngf3 Nc6 5. g3 d4 6. Bg2 Nf6 7. O-O e5
8. a4 Bg4 9. Nc4 Be7 10. Bd2 O-O 11. Qe1 Nd7 12. h4 Qc7 13. Nh2 Be6 14. f4 Bxc4
15. dxc4 Nb4 16. Bxb4 cxb4 17. b3 exf4 18. Rxf4 Bd6 19. Qf2 Bxf4 20. gxf4 Rad8
21. Rd1 b6 22. e5 Nc5 23. Rxd4 Rxd4 24. Qxd4 Ne6 25. Qe4 Rd8 26. Nf3 Qc5+ 27.
Kh2 Nd4 28. Ng5 g6 29. Qb7 Rf8 30. Bd5 Ne6 31. Bxe6 Qf2+ 32. Kh3 Qe3+ 33. Kg4
h5# 0-1

[Event "Detroit (MOR/1a/3)"]
[Site "?"]
[Date "1994.??.??"]
[Round "?"]
[White "Carpenter, George"]
[Black "Stockton, T."]
[Result "0-1"]
[WhiteElo "1605"]
[BlackElo "1760"]
[PlyCount "78"]
[EventDate "1994.??.??"]

1. Nf3 Nf6 2. g3 g6 3. Bg2 Bg7 4. O-O O-O 5. d3 d6 6. Nbd2 c5 7. c3 Nc6 8. e4
Bg4 9. Qc2 Qd7 10. Re1 Rfd8 11. e5 dxe5 12. Nxe5 Nxe5 13. Rxe5 Rac8 14. Nf3
Qxd3 15. Qxd3 Rxd3 16. Re3 Rd1+ 17. Ne1 Bh6 18. f4 Rc7 19. Kf2 Nd5 20. Re5 Nxf4
21. Bxf4 Bxf4 22. Rxd1 Bxe5 23. Rd8+ Kg7 24. Nd3 Bd6 25. Ra8 b6 26. Rd8 Rc8 27.
Rxc8 Bxc8 28. Ke3 f5 29. b3 Kf6 30. c4 e5 31. g4 f4+ 32. Kf3 Bb7+ 33. Kf2 e4
34. Ne1 f3 35. Bh1 Bf4 36. Nc2 e3+ 37. Kf1 Kg5 38. Ne1 Kxg4 39. h3+ Kg3 0-1

[Event "Eastpointe (US Am N/6/24)"]
[Site "?"]
[Date "1994.??.??"]
[Round "?"]
[White "Carpenter, George"]
[Black "Gregg, Ted"]
[Result "1/2-1/2"]
[WhiteElo "1605"]
[BlackElo "1605"]
[PlyCount "97"]
[EventDate "1994.??.??"]

{6/(24)} 1. Nf3 d5 2. g3 Bf5 3. Bg2 e6 4. O-O Be7 5. d3 Nd7 6. Nbd2 Ngf6 7. Re1
O-O 8. e4 dxe4 9. dxe4 Bg4 10. c3 Ne5 11. Qc2 Bxf3 12. Nxf3 Nxf3+ 13. Bxf3 e5
14. Be3 b6 15. Rad1 Qc8 16. Bg2 Qe6 17. b3 Rad8 18. f4 Rxd1 19. Rxd1 Rd8 20.
fxe5 Rxd1+ 21. Qxd1 Qxe5 22. Bf4 Qc5+ 23. Kh1 Qxc3 24. e5 Ne8 25. Qc1 Qxc1+ 26.
Bxc1 c5 27. Bf1 Nc7 28. Kg2 Ne6 29. a3 h6 30. Bd2 g5 31. b4 Kg7 32. bxc5 Nxc5
33. Bb4 Kf8 34. Kf3 a5 35. Bc3 Na4 36. Bd4 Bxa3 37. Ke4 Ke7 38. Kf5 Bc5 39.
Bxc5+ Nxc5 40. h4 Ne6 41. hxg5 Nxg5 42. Bb5 Ne6 43. Ke4 f6 44. Bc4 fxe5 45.
Kxe5 Ng7 46. Bb5 Nh5 47. Kd5 Nf6+ 48. Kc6 Nd7 49. Kc7 1/2-1/2

[Event "Detroit (MOR/6/41)"]
[Site "?"]
[Date "1994.??.??"]
[Round "?"]
[White "Carpenter, George"]
[Black "Charette, K."]
[Result "0-1"]
[WhiteElo "1605"]
[BlackElo "1605"]
[PlyCount "32"]
[EventDate "1994.??.??"]

{6/(41)} 1. Nf3 Nf6 2. g3 d5 3. Bg2 e6 4. O-O Be7 5. d3 O-O 6. Nbd2 Nc6 7. c3
e5 8. Re1 Bg4 9. Qc2 d4 10. e4 dxe3 11. Rxe3 Bc5 12. d4 exd4 13. cxd4 Bxd4 14.
Nxd4 Nxd4 15. Qd3 Ne2+ 16. Rxe2 Qxd3 0-1

[Event "Detroit (MOR/4/49)"]
[Site "?"]
[Date "1994.??.??"]
[Round "?"]
[White "Carpenter, George"]
[Black "Biondo, Albert"]
[Result "0-1"]
[WhiteElo "1605"]
[BlackElo "1605"]
[PlyCount "44"]
[EventDate "1994.??.??"]

{4/(49)} 1. Nf3 d5 2. g3 Nc6 3. Bg2 e5 4. d3 Nf6 5. O-O a6 6. Re1 b5 7. c3 Bc5
8. Nxe5 Bxf2+ 9. Kxf2 Nxe5 10. Bg5 Nfg4+ 11. Kg1 Qxg5 12. e4 O-O 13. exd5 Bf5
14. d6 c6 15. d7 Rad8 16. h4 Qg6 17. Be4 Rxd7 18. Nd2 Bxe4 19. Nxe4 Rxd3 20.
Qe2 Re3 21. Qg2 Nf3+ 22. Kf1 Qxe4 0-1

[Event "Eastpointe (US Am N/4/35)"]
[Site "?"]
[Date "1994.??.??"]
[Round "?"]
[White "Carpenter, George"]
[Black "Anderson, JE."]
[Result "1-0"]
[WhiteElo "1605"]
[BlackElo "1605"]
[PlyCount "61"]
[EventDate "1994.??.??"]

{4/(35)} 1. Nf3 Nf6 2. g3 b6 3. Bg2 Bb7 4. O-O e6 5. d3 Be7 6. Nbd2 O-O 7. c3
c5 8. e4 Qc7 9. Re1 Nc6 10. e5 Ng4 11. h3 Nh6 12. d4 cxd4 13. Nxd4 Nxd4 14.
Bxb7 Qxb7 15. cxd4 Rac8 16. Ne4 Nf5 17. Qf3 f6 18. Nxf6+ Bxf6 19. Qxb7 Rc7 20.
Qxc7 Bd8 21. Qxd7 Ne7 22. Bg5 Rf7 23. Qxd8+ Rf8 24. Qxe7 a5 25. Re4 b5 26. Rg4
g6 27. Bf6 Rxf6 28. Qxf6 b4 29. Rf4 h5 30. Qf8+ Kh7 31. Rf7# 1-0

[Event "Eastpointe (US Am N/2/35)"]
[Site "?"]
[Date "1994.??.??"]
[Round "?"]
[White "Carpenter, George"]
[Black "Aldrich, Justin"]
[Result "0-1"]
[WhiteElo "1605"]
[BlackElo "1605"]
[PlyCount "80"]
[EventDate "1994.??.??"]

{2/(35)} 1. Nf3 d6 2. g3 e5 3. d3 Nf6 4. Bg2 Be6 5. O-O Qd7 6. Nbd2 Bh3 7. e4
Bg4 8. c3 Nc6 9. Qc2 Be7 10. Re1 Qd8 11. d4 exd4 12. Nxd4 Nxd4 13. cxd4 Nd7 14.
e5 O-O 15. Qe4 Bh5 16. e6 Bg6 17. exf7+ Rxf7 18. Qe6 Bf5 19. Qb3 Nb6 20. Nc4
Nxc4 21. Qxc4 c6 22. Bf4 d5 23. Qe2 Qd7 24. h3 Bxh3 25. Bg5 Bxg5 26. Qh5 Bxg2
27. Qxg5 Qh3 28. Qh4 Qxh4 29. gxh4 Bh3 30. Re3 Bg4 31. Kg2 Raf8 32. Rf1 Rf4 33.
Kg3 Rxd4 34. Re7 Rf3+ 35. Kh2 Rh3+ 36. Kg2 Rxh4 37. Rfe1 Bh5 38. Kf1 Rd2 39.
R7e5 Rh2 40. Rf5 Rh1+ 0-1

[Event "Detroit (MOR/7/38)"]
[Site "?"]
[Date "1994.??.??"]
[Round "?"]
[White "Card, A."]
[Black "Zuniga, Jesus"]
[Result "1/2-1/2"]
[WhiteElo "1605"]
[BlackElo "1605"]
[PlyCount "85"]
[EventDate "1994.??.??"]

{7/(38)} 1. d4 Nf6 2. Nf3 g6 3. c3 Bg7 4. Bg5 d6 5. Nbd2 O-O 6. h3 b6 7. e4
Nbd7 8. Be2 Bb7 9. Qc2 c5 10. O-O cxd4 11. Nxd4 Nc5 12. f3 Qc8 13. Rfd1 Ne6 14.
Nxe6 Qxe6 15. Nb3 h6 16. Bf4 Qc8 17. Qd2 Kh7 18. Bd3 a5 19. Be3 Nd7 20. Bd4 e5
21. Be3 Nc5 22. Nxc5 dxc5 23. Qc2 Qc7 24. Bb5 Rfd8 25. c4 Rxd1+ 26. Rxd1 Rd8
27. Rxd8 Qxd8 28. Ba4 Bc8 29. Qd2 Qxd2 30. Bxd2 f5 31. a3 fxe4 32. fxe4 Ba6 33.
Bb3 a4 34. Ba2 b5 35. cxb5 Bxb5 36. b4 Bf8 37. Kf2 g5 38. g4 Kg6 39. Kg3 cxb4
40. axb4 Bd3 41. Bd5 a3 42. Bc3 Bd6 43. Bc6 1/2-1/2

[Event "Romulus (RVO/2/31)"]
[Site "?"]
[Date "1994.??.??"]
[Round "?"]
[White "Card, A."]
[Black "Watassek, F."]
[Result "0-1"]
[WhiteElo "1605"]
[BlackElo "1605"]
[PlyCount "106"]
[EventDate "1994.??.??"]

{2/(31)} 1. d4 d5 2. Nf3 Nc6 3. c3 Nf6 4. Bf4 Bf5 5. Nbd2 e6 6. e3 Bd6 7. Bg5
h6 8. Bh4 a6 9. a3 g5 10. Bg3 Bxg3 11. hxg3 Nd7 12. Rh5 Bg6 13. Nxg5 Bxh5 14.
Qxh5 Qxg5 15. Be2 Qxh5 16. Bxh5 Ke7 17. O-O-O Nf6 18. Bf3 Rag8 19. Re1 Ng4 20.
Re2 f5 21. c4 dxc4 22. Nxc4 Nd8 23. d5 b5 24. Na5 exd5 25. Bxd5 Rg6 26. e4 f4
27. gxf4 Nf6 28. Nc6+ Nxc6 29. Bxc6 Rxg2 30. e5 Rg1+ 31. Kc2 Nd7 32. Rd2 Nb6
33. f5 Re1 34. e6 Kf6 35. Bd7 Nxd7 36. Rxd7 Kxf5 37. e7 Re8 38. Rxc7 R8xe7 39.
Rc8 R7e6 40. Kd3 Rf1 41. f4 Rxf4 42. Rc5+ Kg4 43. Rc7 h5 44. b4 h4 45. Rg7+ Kf3
46. Kd2 Re2+ 47. Kd3 Re3+ 48. Kd2 Rxa3 49. Kc2 h3 50. Kd2 Rxb4 51. Kc2 h2 52.
Re7 h1=Q 53. Re3+ Rxe3 0-1

[Event "Detroit (MCO/DEU/5/3)"]
[Site "?"]
[Date "1994.??.??"]
[Round "?"]
[White "Card, A."]
[Black "Stevens, J."]
[Result "1-0"]
[WhiteElo "1605"]
[BlackElo "1605"]
[PlyCount "43"]
[EventDate "1994.??.??"]

{5/(3)} 1. d4 d5 2. Nf3 Nf6 3. c3 Bf5 4. Bg5 e6 5. Nbd2 h6 6. Bh4 Be7 7. e3 O-O
8. Qb3 b6 9. c4 Nbd7 10. cxd5 Nxd5 11. Bg3 Bh7 12. e4 N5f6 13. Rc1 c5 14. d5
Nxe4 15. dxe6 Nxg3 16. exf7+ Rxf7 17. fxg3 Kf8 18. Bc4 Rf6 19. O-O Bg6 20. Bg8
Bf7 21. Bxf7 Rxf7 22. Ng5 1-0

[Event "Detroit (MOR/1b/16)"]
[Site "?"]
[Date "1994.??.??"]
[Round "?"]
[White "Card, A."]
[Black "Scioly, Tony"]
[Result "0-1"]
[WhiteElo "1605"]
[BlackElo "1605"]
[PlyCount "64"]
[EventDate "1994.??.??"]

1. d4 Nf6 2. c4 g6 3. Nc3 Bg7 4. e4 d6 5. Nf3 O-O 6. Be2 Nbd7 7. O-O c5 8. d5
Ng4 9. Qc2 Nde5 10. Nxe5 Nxe5 11. f4 Ng4 12. h3 Bd4+ 13. Kh1 Nf2+ 14. Rxf2 Bxf2
15. f5 Bd4 16. Nb5 Bg7 17. Bd2 a6 18. Na3 e6 19. dxe6 fxe6 20. fxg6 hxg6 21. e5
dxe5 22. Bc3 Qg5 23. Bd3 Bd7 24. Bxg6 Rf6 25. Be4 Raf8 26. Qd3 Bc6 27. Bxc6
bxc6 28. Bd2 Qf5 29. Qe3 Qf2 30. Nc2 Qxe3 31. Nxe3 Rf2 32. Rd1 Rd8 0-1

[Event "Detroit (MOR/3/53)"]
[Site "?"]
[Date "1994.??.??"]
[Round "?"]
[White "Card, A."]
[Black "Rosebrook, G."]
[Result "1-0"]
[WhiteElo "1605"]
[BlackElo "1605"]
[PlyCount "101"]
[EventDate "1994.??.??"]

{3/(53)} 1. d4 Nf6 2. Nf3 d6 3. Bg5 Nc6 4. Bxf6 exf6 5. e3 a6 6. Bd3 Be7 7. O-O
O-O 8. Nbd2 b5 9. c3 Bb7 10. Qc2 g6 11. e4 Qd7 12. d5 Ne5 13. Nd4 Rac8 14. f4
Ng4 15. Rf3 f5 16. exf5 Bxd5 17. Rg3 Nf6 18. fxg6 fxg6 19. Bxg6 Kh8 20. Rh3 Bg8
21. Bf5 Qd8 22. Bxc8 Qxc8 23. Ne4 Ng4 24. Ng5 Bxg5 25. fxg5 Kg7 26. Re1 Ne5 27.
Nf3 Nxf3+ 28. Rxf3 Rxf3 29. gxf3 Qd8 30. Qf5 Qf8 31. Qg4 Bxa2 32. Qd4+ Kg8 33.
Qe4 Bf7 34. f4 d5 35. Qe7 Qc8 36. Qf6 Qg4+ 37. Kf2 Qh4+ 38. Ke2 Qxh2+ 39. Kd1
Qxb2 40. Qd8+ Kg7 41. Qf6+ Kg8 42. Re7 Bh5+ 43. Ke1 Qc1+ 44. Kf2 Qc2+ 45. Ke3
Qe2+ 46. Kd4 Qc4+ 47. Ke5 Qxc3+ 48. Kf5 Qd3+ 49. Ke6 Bg4+ 50. f5 Qe3+ 51. Qe5 {
[Remainder illegible; 1-0, 60?]} 1-0

[Event "Detroit (MCO/DEU/2b/8)"]
[Site "?"]
[Date "1994.??.??"]
[Round "?"]
[White "Card, A."]
[Black "Roggenbuck, B."]
[Result "0-1"]
[WhiteElo "1605"]
[BlackElo "1605"]
[PlyCount "60"]
[EventDate "1994.??.??"]

1. d4 d5 2. Nf3 Nf6 3. c3 Bg4 4. Bf4 e6 5. Nbd2 Nc6 6. h3 Bf5 7. e3 Bd6 8. Ne5
a6 9. Qa4 b5 10. Nxc6 bxa4 11. Nxd8 Rxd8 12. Bxa6 O-O 13. Bxd6 Rxd6 14. Bb5 Rb6
15. Bxa4 Rxb2 16. Bb3 Ne4 17. Nxe4 Bxe4 18. f3 Bd3 19. O-O-O Rxg2 20. Rxd3 f5
21. c4 c6 22. Re1 Rg3 23. cxd5 cxd5 24. f4 Rxh3 25. Rc3 Rf6 26. Kb2 Kf7 27. Ba4
Rg6 28. Rec1 Rgg3 29. R1c2 Kf6 30. Be8 Rxe3 0-1

[Event "Romulus (RVO/1/27)"]
[Site "?"]
[Date "1994.??.??"]
[Round "?"]
[White "Card, A."]
[Black "Randel, D."]
[Result "0-1"]
[WhiteElo "1605"]
[BlackElo "1745"]
[PlyCount "78"]
[EventDate "1994.??.??"]

{1/(27)} 1. d4 d5 2. c3 Nf6 3. Bg5 h6 4. Bh4 Bf5 5. Nd2 e6 6. e3 Be7 7. Bxf6
Bxf6 8. g3 O-O 9. Bg2 c6 10. e4 dxe4 11. Nxe4 Be7 12. Ne2 Nd7 13. O-O Nf6 14.
f3 Nd5 15. Qd2 Qc7 16. a3 Rad8 17. Rac1 Rd7 18. c4 Nb6 19. c5 Nd5 20. N4c3 Nxc3
21. Qxc3 Bf6 22. Qe3 Rfd8 23. Rc4 e5 24. dxe5 Qxe5 25. Qxe5 Bxe5 26. b4 Bd3 27.
Rg4 Bxe2 28. Re1 Bd4+ 29. Rxd4 Rxd4 30. Rxe2 Kf8 31. f4 Rd2 32. Rxd2 Rxd2 33.
b5 cxb5 34. Bxb7 a5 35. c6 Rc2 36. Kf1 b4 37. axb4 axb4 38. Ke1 Ke7 39. Kd1 Rc5
0-1

[Event "Detroit (MOR/5/47)"]
[Site "?"]
[Date "1994.??.??"]
[Round "?"]
[White "Card, A."]
[Black "Moulter, Art"]
[Result "1-0"]
[WhiteElo "1605"]
[BlackElo "1605"]
[PlyCount "83"]
[EventDate "1994.??.??"]

{5/(47)} 1. d4 d5 2. Nf3 Nf6 3. Bg5 Bf5 4. c3 Nc6 5. Nbd2 e6 6. Nh4 Be7 7. Nxf5
exf5 8. Bxf6 Bxf6 9. e3 O-O 10. Bd3 Qd7 11. O-O Rfe8 12. Qc2 g6 13. Rae1 Bg5
14. Nf3 Bf6 15. h3 Kg7 16. Nh2 a6 17. f3 Bh4 18. Re2 Bg3 19. e4 f4 20. Ng4 h5
21. Nf2 Bh4 22. e5 Qe6 23. Rfe1 b5 24. b4 Reb8 25. Rc1 Ne7 26. Qd2 g5 27. Bb1
Bg3 28. Nd3 g4 29. fxg4 hxg4 30. Nxf4 Bxf4 31. Qxf4 gxh3 32. Qg3+ Ng6 33. gxh3
Rh8 34. Rh2 Rh6 35. Rf1 Rah8 36. Rf6 Qxh3 37. Rxh3 Rxh3 38. Rxg6+ fxg6 39.
Qxg6+ Kf8 40. Qf6+ Ke8 41. Bg6+ Kd7 42. Bf5+ 1-0

[Event "Romulus (RVO/5/29)"]
[Site "?"]
[Date "1994.??.??"]
[Round "?"]
[White "Card, A."]
[Black "McNamara, Ron"]
[Result "1-0"]
[WhiteElo "1605"]
[BlackElo "1605"]
[PlyCount "70"]
[EventDate "1994.??.??"]

{5/(29)} 1. d4 e6 2. Nf3 d5 3. c3 c5 4. e3 Qb6 5. Be2 Bd7 6. O-O Bb5 7. Nbd2
Bxe2 8. Qxe2 Nd7 9. e4 f6 10. exd5 O-O-O 11. dxe6 Re8 12. Re1 Kd8 13. Nb3 Bd6
14. Be3 Rxe6 15. dxc5 Bxc5 16. Nxc5 Rxe3 17. Qxe3 Qxc5 18. Rad1 Qxe3 19. Rxe3
Ne7 20. Red3 Kc8 21. Rxd7 Re8 22. h3 h5 23. a4 Nf5 24. g4 hxg4 25. hxg4 Ne7 26.
b4 g5 27. b5 a5 28. bxa6 bxa6 29. Ra7 Nc6 30. Ra8+ Nb8 31. Nd4 Kb7 32. Rxb8+
Kxb8 33. Nf5 Kc7 34. Rd6 Kb7 35. Rxf6 Re4 1-0

[Event "Detroit (MCO/DEU/7/1)"]
[Site "?"]
[Date "1994.??.??"]
[Round "?"]
[White "Card, A."]
[Black "Kalmadi, S."]
[Result "1/2-1/2"]
[WhiteElo "1605"]
[BlackElo "1605"]
[PlyCount "127"]
[EventDate "1994.??.??"]

{7/(1)} 1. d4 d6 2. Nf3 g6 3. c3 Bg7 4. Bg5 Nd7 5. e4 c5 6. Nbd2 cxd4 7. cxd4
Qb6 8. Nb3 Ngf6 9. Bd3 O-O 10. O-O Re8 11. h3 e5 12. dxe5 dxe5 13. Nh2 Nh5 14.
Be3 Qe6 15. Qd2 b6 16. Rfd1 a6 17. Rac1 Ra7 18. Rc2 Bf8 19. Bc4 Qe7 20. Bg5
Nhf6 21. Ng4 h5 22. Nxf6+ Nxf6 23. Qe3 Bg7 24. Rdc1 Be6 25. Qxb6 Bxc4 26. Rxc4
Qb7 27. Qe3 Qa8 28. Rc6 Nh7 29. Bh4 f6 30. Qc3 g5 31. Rc8 Rxc8 32. Qxc8+ Qxc8
33. Rxc8+ Kf7 34. Bg3 h4 35. Bh2 Nf8 36. g3 Ne6 37. Nc5 hxg3 38. Bxg3 Nd4 39.
Kg2 Kg6 40. Nb3 Nxb3 41. axb3 Rb7 42. Rc6 Kf7 43. Rxa6 Rxb3 44. Ra2 Kg6 45. f3
Rb5 46. Be1 f5 47. b4 fxe4 48. fxe4 Bf8 49. Ra5 Rb7 50. b5 Bc5 51. b6 Bd4 52.
Ra6 Rxb6 53. Rxb6+ Bxb6 54. Kf3 Bd4 55. Kg4 Be3 56. h4 gxh4 57. Bxh4 Bf4 58.
Bf2 Kf6 59. Bh4+ Kg6 60. Be1 Bh2 61. Bf2 Kf6 62. Bh4+ Kg6 63. Be1 Bf4 64. Bh4
1/2-1/2

[Event "Detroit (MCO/DEU/4/17)"]
[Site "?"]
[Date "1994.??.??"]
[Round "?"]
[White "Card, A."]
[Black "Haragely, C."]
[Result "1-0"]
[WhiteElo "1605"]
[BlackElo "1605"]
[PlyCount "109"]
[EventDate "1994.??.??"]

{4/(17)} 1. d4 d5 2. Nf3 Nc6 3. c3 Bf5 4. Bf4 e6 5. e3 Bd6 6. Bg3 Nge7 7. Bd3
Qd7 8. Bxf5 Nxf5 9. Bxd6 Qxd6 10. Nbd2 O-O-O 11. e4 dxe4 12. Nxe4 Qe7 13. O-O
e5 14. d5 a6 15. Qb3 Na7 16. Rfd1 Nb5 17. a4 Nbd6 18. Nxd6+ Rxd6 19. Re1 Rb6
20. Qc2 Rf6 21. Rxe5 Qd7 22. Rae1 h6 23. c4 g5 24. c5 g4 25. c6 bxc6 26. dxc6
Qxc6 27. Qxc6 Rxc6 28. Rxf5 gxf3 29. Rxf3 Rb6 30. b3 f6 31. g3 f5 32. Re7 c5
33. Rf7 Rd8 34. R3xf5 Rc6 35. R5f6 Rxf6 36. Rxf6 Rd3 37. Rxa6 Rxb3 38. Rc6+ Kb7
39. Rxc5 Ra3 40. Rb5+ Kc6 41. Rf5 Rxa4 42. Rf6+ Kd7 43. Rxh6 Ke7 44. h4 Kf7 45.
Kg2 Ra2 46. g4 Kg7 47. Rh5 Kg6 48. Rf5 Ra4 49. Kh3 Ra3+ 50. f3 Ra8 51. h5+ Kg7
52. g5 Ra3 53. Kg4 Ra6 54. g6 Kh6 55. Rf7 1-0

[Event "Jackson (Prison m/Oct)"]
[Site "?"]
[Date "1994.??.??"]
[Round "?"]
[White "Campbell, J."]
[Black "Smalec, John"]
[Result "0-1"]
[WhiteElo "1605"]
[BlackElo "1700"]
[PlyCount "96"]
[EventDate "1994.??.??"]

1. e4 e6 2. Nf3 d5 3. exd5 exd5 4. d4 Bd6 5. Be2 Ne7 6. O-O O-O 7. Re1 Ng6 8.
Nc3 c6 9. Bd3 Bg4 10. h3 Bxf3 11. Qxf3 Nd7 12. Ne2 Qf6 13. Qh5 Bc7 14. Bg5 Qd6
15. Bf4 Qe7 16. Ng3 Qd8 17. Be5 Nf6 18. Bxc7 Qxc7 19. Qf5 Rae8 20. Nh5 Nxh5 21.
Qxh5 Qf4 22. Rxe8 Rxe8 23. Rd1 Re7 24. Kf1 Qh2 25. f4 Qxf4+ 26. Qf3 Qxf3+ 27.
gxf3 Nf4 28. h4 Kf8 29. Kf2 g6 30. Bf1 f5 31. a4 Nh5 32. b3 f4 33. c4 Re3 34.
Rd3 Rxd3 35. Bxd3 Ke7 36. Ke2 Ke6 37. Kd2 Ng3 38. Kc3 Nf5 39. h5 gxh5 40. Bf1
Ne3 41. Bh3+ Kd6 42. Kd3 h4 43. cxd5 cxd5 44. Ke2 h6 45. Kf2 Nc2 46. Bg4 Nxd4
47. b4 Nc2 48. Kg2 Ne3+ 0-1